История английской литературы: романы XX века (1910 - 1945): учебное пособие

Dades bibliogràfiques
Autor principal: Гредина И. В. Ирина Валерьевна
Autor corporatiu: Национальный исследовательский Томский политехнический университет (ТПУ) Институт международного образования и языковой коммуникации (ИМОЯК) Кафедра лингвистики и переводоведения (ЛиП)
Sumari:Заглавие с титульного экрана
Электронная версия печатной публикации
Текст на английском языке.
Пособие построено по модульному типу и включает семь модулей, которые размещены в практикумах. В практикумы входят задания, вопросы, ориентированные на различные уровни усвоения. Наиболее полезными для восприятия информации являются следующие задания6 "Multiple Choice Tests", "Multiple Choice Questions", "Final Tests", "Speaking Activities" и т.д. Предназначено для студентов, а также для разработки преподавателями практических занятий по литературе страны изучаемого языка, стилистике в ходе спецкурсов и спецсеминаров.
Режим доступа: из корпоративной сети ТПУ
Idioma:anglès
rus
Publicat: Томск, Изд-во ТПУ, 2013
Matèries:
Accés en línia:http://www.lib.tpu.ru/fulltext2/m/2013/m275.pdf
Format: MixedMaterials Electrònic Llibre
KOHA link:https://koha.lib.tpu.ru/cgi-bin/koha/opac-detail.pl?biblionumber=244756

MARC

LEADER 00000nlm0a2200000 4500
001 244756
005 20231101232057.0
035 |a (RuTPU)RU\TPU\book\266149 
090 |a 244756 
100 |a 20131028d2013 m y0rusy50 ca 
101 0 |a eng  |a rus 
102 |a RU 
105 |a a j 001zy 
135 |a drcn ---uucaa 
181 0 |a i  
182 0 |a b 
200 1 |a История английской литературы: романы XX века (1910 - 1945)  |b Электронный ресурс  |d History of English literature twentieth-century novels (1910 - 1945)  |e учебное пособие  |f И. В. Гредина  |g Национальный исследовательский Томский политехнический университет (ТПУ), Институт международного образования и языковой коммуникации (ИМОЯК), Кафедра лингвистики и переводоведения (ЛиП) 
203 |a Текст  |c электронный 
210 |a Томск  |c Изд-во ТПУ  |d 2013 
230 |a 1 компьютерный файл (pdf; 5.0 MB) 
300 |a Заглавие с титульного экрана 
300 |a Электронная версия печатной публикации 
300 |a Текст на английском языке. 
330 |a Пособие построено по модульному типу и включает семь модулей, которые размещены в практикумах. В практикумы входят задания, вопросы, ориентированные на различные уровни усвоения. Наиболее полезными для восприятия информации являются следующие задания6 "Multiple Choice Tests", "Multiple Choice Questions", "Final Tests", "Speaking Activities" и т.д. Предназначено для студентов, а также для разработки преподавателями практических занятий по литературе страны изучаемого языка, стилистике в ходе спецкурсов и спецсеминаров. 
333 |a Режим доступа: из корпоративной сети ТПУ 
337 |a Adobe Reader 
510 1 |a History of English literature twentieth-century novels (1910 - 1945)  |z eng 
606 1 |a Английская литература  |x История и критика английской литературы  |2 stltpush  |3 (RuTPU)RU\TPU\subj\29043  |9 52455 
610 1 |a электронный ресурс 
610 1 |a учебные пособия 
610 1 |a труды учёных ТПУ 
610 1 |a английская литература 
610 1 |a история 
610 1 |a 20 век 
610 1 |a художественные тексты 
610 1 |a английский язык 
675 |a 82(09)(075.8)  |v 3 
700 1 |a Гредина  |b И. В.  |c лингвист  |c доцент Томского политехнического университета, кандидат филологических наук  |f 1949-  |g Ирина Валерьевна  |2 stltpush  |3 (RuTPU)RU\TPU\pers\27103 
712 0 2 |a Национальный исследовательский Томский политехнический университет (ТПУ)  |b Институт международного образования и языковой коммуникации (ИМОЯК)  |b Кафедра лингвистики и переводоведения (ЛиП)  |h 3503  |2 stltpush  |3 (RuTPU)RU\TPU\col\18972 
801 1 |a RU  |b 63413507  |c 20131028 
801 2 |a RU  |b 63413507  |c 20131210  |g RCR 
856 4 |u http://www.lib.tpu.ru/fulltext2/m/2013/m275.pdf 
942 |c CF